[Event "Chorzow op"]
[Site "Chorzow"]
[Date "2010.03.28"]
[Round "9"]
[White "Czornik, Adam"]
[Black "Buchowski, Adam"]
[Result "1/2-1/2"]
[WhiteElo "1766"]
[BlackElo "1873"]
[PlyCount "64"]
[EventDate "2010.03.20"]
[EventType "swiss"]
[EventRounds "9"]
[EventCountry "POL"]
[SourceTitle "EXT 2012"]
[Source "ChessBase"]
[SourceDate "2011.11.24"]
[SourceVersion "1"]
[SourceVersionDate "2011.11.24"]
[SourceQuality "1"]

1. e4 c5 2. Nf3 a6 3. c3 d6 4. d4 Nd7 5. Bc4 e6 6. 0-0 Qc7 7. Qe2 Ne7 8. Bf4 Ng6 9. Bg3 Be7 10. Nbd2 b5 11. Bb3 Bb7 12. Rfe1 0-0 13. h4 Nh8 14. e5 dxe5 15. Nxe5 Nxe5 16. Bxe5 Qc6 17. Qg4 Ng6 18. Nf3 Nxe5 19. Nxe5 Qc7 20. Bxe6 fxe6 21. Qxe6+ Kh8 22. Qxe7 Qxe7 23. Ng6+ hxg6 24. Rxe7 Bc6 25. dxc5 a5 26. Rae1 Rae8 27. Rxe8 Rxe8 28. Rxe8+ Bxe8 29. f4 Kg8 30. Kf2 Kf7 31. Ke3 Ke6 32. b4 a4 1/2-1/2

[Event "Chorzow op"]
[Site "Chorzow"]
[Date "2010.03.26"]
[Round "7"]
[White "Muc, Zbigniew"]
[Black "Buchowski, Adam"]
[Result "0-1"]
[WhiteElo "1835"]
[BlackElo "1873"]
[PlyCount "40"]
[EventDate "2010.03.20"]
[EventType "swiss"]
[EventRounds "9"]
[EventCountry "POL"]
[SourceTitle "EXT 2012"]
[Source "ChessBase"]
[SourceDate "2011.11.24"]
[SourceVersion "1"]
[SourceVersionDate "2011.11.24"]
[SourceQuality "1"]

1. e4 c5 2. d4 cxd4 3. c3 dxc3 4. Nxc3 Nc6 5. Nf3 e6 6. Bc4 a6 7. 0-0 b5 8. Bb3 d6 9. Be3 Bd7 10. Qe2 Nf6 11. Rfd1 Be7 12. Rac1 0-0 13. h3 Qb8 14. Bc2 Rd8 15. Bb1 Ne5 16. Nd2 b4 17. f4 bxc3 18. fxe5 cxd2 19. exf6 dxc1Q 20. Rxc1 Bxf6 0-1

[Event "Chorzow op"]
[Site "Chorzow"]
[Date "2010.03.20"]
[Round "1"]
[White "Buchowski, Adam"]
[Black "Mulet, Piotr"]
[Result "0-1"]
[WhiteElo "1873"]
[BlackElo "2352"]
[PlyCount "48"]
[EventDate "2010.03.20"]
[EventType "swiss"]
[EventRounds "9"]
[EventCountry "POL"]
[SourceTitle "EXT 2012"]
[Source "ChessBase"]
[SourceDate "2011.11.24"]
[SourceVersion "1"]
[SourceVersionDate "2011.11.24"]
[SourceQuality "1"]

1. d4 d5 2. Nf3 Nf6 3. c3 c5 4. Bf4 Qb6 5. Qb3 c4 6. Qxb6 axb6 7. Bxb8 Rxb8 8. Nbd2 Bf5 9. Nh4 Bd7 10. g3 b5 11. a3 Bc6 12. Bg2 e6 13. 0-0 Ne4 14. Nhf3 Bd6 15. Nxe4 dxe4 16. Nd2 f5 17. f4 h6 18. e3 g5 19. Kf2 gxf4 20. gxf4 Be7 21. Rg1 Bh4+ 22. Ke2 Ke7 23. a4 bxa4 24. Nxc4 Bb5 0-1

[Event "Chorzow Bak Memorial op"]
[Site "Chorzow"]
[Date "2008.11.17"]
[Round "3"]
[White "Buchowski, Adam"]
[Black "Rosicki, Marcin"]
[Result "1-0"]
[WhiteElo "1949"]
[BlackElo "1503"]
[PlyCount "91"]
[EventDate "2008.11.15"]
[EventType "swiss"]
[EventRounds "9"]
[EventCountry "POL"]
[SourceTitle "EXT 2010"]
[Source "ChessBase"]
[SourceDate "2010.11.25"]
[SourceVersion "1"]
[SourceVersionDate "2010.11.25"]
[SourceQuality "1"]

1. d4 d5 2. Nf3 e6 3. Bg5 Be7 4. Bxe7 Nxe7 5. e3 0-0 6. Bd3 b6 7. Nbd2 Bb7 8. 0-0 c5 9. c3 Nd7 10. Ng5 h6 11. Ngf3 Nf6 12. Ne5 Nc6 13. f4 Nxe5 14. fxe5 Ne4 15. Rf4 Nxd2 16. Qxd2 Rc8 17. Bc2 Ba6 18. Kh1 Rc7 19. Rg1 f6 20. Bb1 fxe5 21. dxe5 Rxf4 22. exf4 d4 23. Rd1 Qd5 24. Bg6 Qxa2 25. f5 exf5 26. Bxf5 Rf7 27. Qc2 Qd5 28. cxd4 cxd4 29. Bh7+ Kh8 30. Bg6 Re7 31. Qf2 Rc7 32. Qf8+ Qg8 33. Qd6 Qc8 34. Qxd4 Rc1 35. h3 Rxd1+ 36. Qxd1 Qe6 37. Qd8+ Qg8 38. Qe7 Qc4 39. Qe8+ Qg8 40. e6 Qxe8 41. Bxe8 Kg8 42. e7 Bc4 43. Bg6 Bf7 44. e8Q+ Bxe8 45. Bxe8 Kf8 46. Ba4 1-0

[Event "Chorzow Bak Memorial op"]
[Site "Chorzow"]
[Date "2008.11.16"]
[Round "2"]
[White "Galyga, Zbigniew"]
[Black "Buchowski, Adam"]
[Result "1-0"]
[WhiteElo "2204"]
[BlackElo "1949"]
[PlyCount "43"]
[EventDate "2008.11.15"]
[EventType "swiss"]
[EventRounds "9"]
[EventCountry "POL"]
[SourceTitle "EXT 2010"]
[Source "ChessBase"]
[SourceDate "2010.11.25"]
[SourceVersion "1"]
[SourceVersionDate "2010.11.25"]
[SourceQuality "1"]

1. d4 c5 2. Nf3 a6 3. c4 cxd4 4. Nxd4 e6 5. Nc3 Nf6 6. g3 Qc7 7. Bg2 d6 8. 0-0 Qxc4 9. Bg5 Qc7 10. Rc1 Nc6 11. Nxc6 bxc6 12. Bxf6 gxf6 13. Nb5 axb5 14. Bxc6+ Bd7 15. Bxa8 Qa7 16. Bc6 Qxa2 17. Ra1 Qc4 18. Ra8+ Ke7 19. Bxd7 Kxd7 20. Qa1 e5 21. Rc1 Qb4 22. Qa2 1-0

[Event "Tarnowskie Gory Piasta Memorial 6th"]
[Site "Tarnowskie Gory"]
[Date "2008.07.29"]
[Round "6.12"]
[White "Buchowski, Adam"]
[Black "Krzempek, Krystian"]
[Result "1-0"]
[WhiteElo "1975"]
[BlackElo "1749"]
[PlyCount "95"]
[EventDate "2008.07.26"]
[EventType "swiss"]
[EventRounds "10"]
[EventCountry "POL"]
[SourceTitle "EXT 2023"]
[Source "ChessBase"]
[SourceDate "2022.10.05"]
[SourceVersion "1"]
[SourceVersionDate "2022.10.05"]
[SourceQuality "1"]

1. d4 c6 2. Nf3 d5 3. Bg5 Nf6 4. Bxf6 exf6 5. e3 Qb6 6. Qc1 Be6 7. Nbd2 Nd7 8. Bd3 Be7 9. 0-0 0-0-0 10. c4 Kb8 11. c5 Qc7 12. b4 g5 13. Rb1 g4 14. Ne1 b5 15. a4 a6 16. Qa3 Kb7 17. Nb3 Ra8 18. Na5+ Kc8 19. Ra1 Nb8 20. Nc2 h5 21. Rfb1 h4 22. Nxc6 Qxc6 23. axb5 Qe8 24. bxa6 g3 25. a7 gxh2+ 26. Kxh2 Qd7 27. axb8Q+ Rxb8 28. Qa5 Qc7+ 29. Qxc7+ Kxc7 30. Ra7+ Rb7 31. Rxb7+ Kxb7 32. b5 Ra8 33. Ra1 Rxa1 34. Nxa1 f5 35. f4 Bd8 36. Nb3 Bc8 37. Kg1 Be6 38. Kf2 Bc8 39. Ke2 Be6 40. Kd2 Bc8 41. Kc3 Be6 42. Kb4 Bf6 43. Na5+ Kb8 44. b6 h3 45. gxh3 Bh4 46. c6 Bf2 47. c7+ Kc8 48. Ba6+ 1-0

[Event "Tarnowskie Gory Piasta Memorial 6th"]
[Site "Tarnowskie Gory"]
[Date "2008.07.26"]
[Round "2.5"]
[White "Buchowski, Adam"]
[Black "Sroka, Janusz"]
[Result "0-1"]
[WhiteElo "1975"]
[BlackElo "2156"]
[PlyCount "94"]
[EventDate "2008.07.26"]
[EventType "swiss"]
[EventRounds "10"]
[EventCountry "POL"]
[SourceTitle "EXT 2023"]
[Source "ChessBase"]
[SourceDate "2022.10.05"]
[SourceVersion "1"]
[SourceVersionDate "2022.10.05"]
[SourceQuality "1"]

1. d4 Nf6 2. Nf3 e6 3. Bg5 c5 4. e3 Nc6 5. Nbd2 d5 6. c3 Qb6 7. Qc2 Bd7 8. Rd1 Rc8 9. Qb1 cxd4 10. exd4 e5 11. Nb3 e4 12. Nfd2 Be7 13. Be2 h6 14. Bh4 0-0 15. 0-0 Bf5 16. Qa1 a5 17. Kh1 Rfe8 18. Rg1 g5 19. Bg3 a4 20. Nc1 Bg6 21. Nf1 Nh5 22. Ne3 Rcd8 23. Rd2 Nf4 24. Bg4 Na5 25. Bd1 Qc6 26. Bc2 f5 27. b4 Nc4 28. Nxc4 dxc4 29. Bxf4 gxf4 30. Qb1 b5 31. Ne2 Bg5 32. Rdd1 Bh5 33. Rde1 Kf7 34. Bd1 Bg6 35. Rgf1 Qd6 36. Ng1 Rg8 37. Nh3 Rde8 38. Be2 Kg7 39. Qd1 Bd8 40. Bh5 Bc7 41. Bxg6 Qxg6 42. Qd2 Kh7 43. Rg1 Qg4 44. f3 exf3 45. Rxe8 Rxe8 46. Nf2 fxg2+ 47. Rxg2 Qf3 0-1

[Event "Pszczyna op 4th"]
[Site "Pszczyna"]
[Date "2008.07.21"]
[Round "9"]
[White "Buchowski, Adam"]
[Black "Paluch, Antoni"]
[Result "1-0"]
[WhiteElo "1975"]
[BlackElo "1677"]
[PlyCount "81"]
[EventDate "2008.07.15"]
[EventType "swiss"]
[EventRounds "9"]
[EventCountry "POL"]
[SourceTitle "CBM 125 Extra"]
[Source "ChessBase"]
[SourceDate "2008.09.01"]
[SourceVersion "1"]
[SourceVersionDate "2008.09.01"]
[SourceQuality "1"]

1. d4 d5 2. Nf3 Bf5 3. c3 Nc6 4. Qb3 Rb8 5. Bg5 h6 6. Bh4 Nf6 7. Bxf6 exf6 8. e3 Na5 9. Qa4+ c6 10. b4 Nc4 11. Bxc4 dxc4 12. Qxa7 Bd6 13. 0-0 0-0 14. Qa3 Qc7 15. Nbd2 Ra8 16. Qb2 Be6 17. a4 Ra7 18. Ra3 Rfa8 19. Rfa1 g5 20. h3 f5 21. Ne1 Qd7 22. e4 fxe4 23. Nxe4 Be7 24. Nc5 Bxc5 25. bxc5 Bd5 26. Nc2 g4 27. hxg4 Qxg4 28. Ne3 Qg6 29. Nxd5 cxd5 30. Qe2 Qg5 31. R3a2 Kh8 32. Qf3 f6 33. a5 Ra6 34. Re1 Rg8 35. Rb2 Rg7 36. Rb6 Rxa5 37. Rxf6 Ra8 38. Rf5 Qd2 39. Rf8+ Rxf8 40. Qxf8+ Kh7 41. Qf5+ 1-0

[Event "Pszczyna op 4th"]
[Site "Pszczyna"]
[Date "2008.07.19"]
[Round "8"]
[White "Korcz, Daniel"]
[Black "Buchowski, Adam"]
[Result "1-0"]
[WhiteElo "1687"]
[BlackElo "1975"]
[PlyCount "167"]
[EventDate "2008.07.15"]
[EventType "swiss"]
[EventRounds "9"]
[EventCountry "POL"]
[SourceTitle "CBM 125 Extra"]
[Source "ChessBase"]
[SourceDate "2008.09.01"]
[SourceVersion "1"]
[SourceVersionDate "2008.09.01"]
[SourceQuality "1"]

1. e4 c5 2. Nf3 a6 3. d4 cxd4 4. Nxd4 Nf6 5. Nc3 e5 6. Nb3 Bb4 7. f3 0-0 8. a3 Bxc3+ 9. bxc3 Qc7 10. c4 d6 11. Bd3 Be6 12. Qe2 Nbd7 13. Be3 Rac8 14. Nd2 Nb6 15. Bxb6 Qxb6 16. Rb1 Qc6 17. 0-0 Rc7 18. Rb4 Nd7 19. Rfb1 Nc5 20. Qe3 f6 21. Nb3 Qd7 22. Nxc5 dxc5 23. Rb6 Rd8 24. g4 Qf7 25. Qe2 Bc8 26. Kh1 h5 27. gxh5 Qxh5 28. Rg1 Qh6 29. Qg2 Kh7 30. Qg3 Rh8 31. f4 Re7 32. fxe5 Rxe5 33. Qxe5 fxe5 34. Rxh6+ Kxh6 35. Rf1 Kg6 36. Rg1+ Kf6 37. Rf1+ Ke7 38. Rg1 Rg8 39. Rg6 Be6 40. Kg2 Kf7 41. Rg5 Kf6 42. h4 Rh8 43. Kg3 g6 44. Be2 Rd8 45. c3 Rd2 46. Kf3 Rc2 47. Rg1 Rxc3+ 48. Kf2 Rxa3 49. Rb1 Bc8 50. Rb6+ Kg7 51. h5 gxh5 52. Bxh5 Rc3 53. Be2 Rc2 54. Ke3 a5 55. Rb5 b6 56. Rxb6 a4 57. Rc6 Bh3 58. Rxc5 a3 59. Rxe5 a2 60. Ra5 Be6 61. Kd3 Rb2 62. Bh5 Rh2 63. Be8 Kf8 64. Bc6 Ke7 65. Bd5 Bh3 66. Kc3 Kd6 67. c5+ Ke5 68. c6 Kd6 69. Kb3 Bg4 70. Rxa2 Bd1+ 71. Ka3 Rh3+ 72. Kb4 Rh4 73. Ka5 Rh8 74. Kb6 Rb8+ 75. Ka7 Rb4 76. Rh2 Ra4+ 77. Kb7 Rb4+ 78. Ka6 Kc5 79. Rd2 Ba4 80. c7 Bb5+ 81. Ka7 Bd7 82. Rc2+ Kb5 83. Bc6+ Bxc6 84. Rxc6 1-0

[Event "Pszczyna op 4th"]
[Site "Pszczyna"]
[Date "2008.07.17"]
[Round "4"]
[White "Widera, Jan"]
[Black "Buchowski, Adam"]
[Result "1-0"]
[WhiteElo "2119"]
[BlackElo "1975"]
[PlyCount "65"]
[EventDate "2008.07.15"]
[EventType "swiss"]
[EventRounds "9"]
[EventCountry "POL"]
[SourceTitle "CBM 125 Extra"]
[Source "ChessBase"]
[SourceDate "2008.09.01"]
[SourceVersion "1"]
[SourceVersionDate "2008.09.01"]
[SourceQuality "1"]

1. e4 c5 2. Nf3 a6 3. c4 e6 4. Nc3 d6 5. d4 cxd4 6. Nxd4 Nf6 7. Be2 Be7 8. 0-0 0-0 9. b3 b6 10. Bb2 Bb7 11. Bd3 Nbd7 12. Qe2 Nc5 13. Bc2 Rc8 14. Rac1 Qc7 15. f4 Rfd8 16. b4 Ncd7 17. Bd3 Qb8 18. a3 Qa7 19. Kh1 Bf8 20. e5 Ne8 21. Bb1 Qa8 22. f5 Nxe5 23. fxe6 f6 24. Ba2 Be7 25. Nd5 Bxd5 26. cxd5 Nc7 27. Nf5 Ng6 28. Rcd1 Re8 29. Rd3 a5 30. b5 Nxb5 31. Rh3 Nc7 32. Qh5 Nf8 33. Qf7+ 1-0

[Event "Tarnowskie Gory Piasta Memorial 5th"]
[Site "Tarnowskie Gory"]
[Date "2007.08.02"]
[Round "8"]
[White "Buchowski, Adam"]
[Black "Sowa, Bernard"]
[Result "0-1"]
[WhiteElo "1983"]
[BlackElo "1889"]
[PlyCount "112"]
[EventDate "2007.07.28"]
[EventType "swiss"]
[EventRounds "10"]
[EventCountry "POL"]
[SourceTitle "EXT 2011"]
[Source "ChessBase"]
[SourceDate "2010.11.26"]
[SourceVersion "1"]
[SourceVersionDate "2010.11.26"]
[SourceQuality "1"]

1. d4 d5 2. Nf3 Bf5 3. c3 c6 4. Bg5 Nd7 5. e3 Ngf6 6. Qb3 Qb6 7. Nbd2 Qxb3 8. Nxb3 Ne4 9. Bf4 f6 10. h4 h5 11. Be2 e6 12. Na5 Nd6 13. Bxd6 Bxd6 14. Nxb7 Bc7 15. Nc5 Nxc5 16. dxc5 e5 17. 0-0-0 a5 18. b3 Ke7 19. g3 Rhb8 20. Rd2 g6 21. Bd1 Be4 22. Rg1 Rb5 23. a4 Rxc5 24. Kb2 Bd6 25. Be2 Rxc3 26. Kxc3 Bb4+ 27. Kb2 Bxf3 28. Rc2 Bxe2 29. Rxe2 c5 30. Rd1 Rd8 31. e4 d4 32. Kc2 Bc3 33. f4 Rb8 34. fxe5 fxe5 35. Rf2 c4 36. Rb1 cxb3+ 37. Rxb3 Rxb3 38. Kxb3 Be1 39. Rf3 Kd6 40. Kc4 Ke6 41. Kd3 Ke7 42. Ke2 Bb4 43. Kf1 Bd2 44. Kg2 Be3 45. Kh3 Kd6 46. Kg2 Kc5 47. Rf6 d3 48. Kf1 Kd4 49. Rxg6 Kxe4 50. g4 hxg4 51. Rxg4+ Kf3 52. Rg7 d2 53. Rf7+ Bf4 54. Rd7 e4 55. h5 e3 56. Rd3 Bh6 0-1

[Event "Tarnowskie Gory Piasta Memorial 5th"]
[Site "Tarnowskie Gory"]
[Date "2007.07.28"]
[Round "2"]
[White "Grygierczyk, Wojciech"]
[Black "Buchowski, Adam"]
[Result "0-1"]
[WhiteElo "1808"]
[BlackElo "1983"]
[PlyCount "74"]
[EventDate "2007.07.28"]
[EventType "swiss"]
[EventRounds "10"]
[EventCountry "POL"]
[SourceTitle "EXT 2011"]
[Source "ChessBase"]
[SourceDate "2010.11.26"]
[SourceVersion "1"]
[SourceVersionDate "2010.11.26"]
[SourceQuality "1"]

1. d4 Nf6 2. c4 e6 3. Nc3 Bb4 4. Bg5 h6 5. Bh4 b6 6. e3 Bb7 7. Nf3 0-0 8. Bd3 Bxc3+ 9. bxc3 d6 10. 0-0 Nbd7 11. Re1 Re8 12. e4 e5 13. Qc2 Qe7 14. d5 Rad8 15. Kh1 Bc8 16. Nd2 g5 17. Bg3 Kg7 18. Nb3 Rh8 19. f3 Rdg8 20. Bf2 h5 21. Be3 Kf8 22. Qe2 Rg6 23. Rf1 h4 24. a4 a5 25. Kg1 Nh5 26. Kf2 Nf4 27. Qc2 Nf6 28. Rh1 N6h5 29. g3 Nh3+ 30. Kg2 N5f4+ 31. Kf1 hxg3 32. hxg3 Nxd3 33. Qxd3 Rgh6 34. Kg2 f6 35. Raf1 Qh7 36. Qb1 Nf4+ 37. gxf4 Rh2+ 0-1